Emil Višňovský, Miroslav Popper, and Jana Plichtová (Eds.). Príbehy o hľadaní mysle (Narratives of Exploring the Mind)

Bibliographic Details
Main Author: Rybár, Ján, 1949- (Author)
Format: Article
Language:English

MARC

LEADER 00000nab a2200000ua 4500
001 vtls010853787
003 SK-MaSNL
005 20260303135503.0
008 230218s2002 xo |||||||||||||||||eng|
035 |a (urnnbn)urn:nbn:sk:snk:ar-a07fi1 
035 |a urn:nbn:sk:snk-ab6dhg 
035 |a (uuid)8627e722-20d1-4b9f-a11b-2d273be923e4 
040 |a SNKBUCL  |b slo  |c SNKBUCL  |e AACR2 
041 0 |a eng 
044 |a xo  |c SK 
100 1 |a Rybár, Ján,  |d 1949-  |4 aut  |9 210127 
245 1 0 |a Emil Višňovský, Miroslav Popper, and Jana Plichtová (Eds.). Príbehy o hľadaní mysle (Narratives of Exploring the Mind)  |c Ján Rybár 
773 0 |t Human affairs : a postdisciplinary journal for humanities & social sciences  |g Roč. 12, č. 1 (2002), s. 103-107 
958 |a OND 
958 |a EUIPO 
958 |a article5 
999 |c 1966128  |d 1968058